[Event "22nd Alekhine Master 2018"]
[Site "Voronezh"]
[Date "2018.06.19"]
[Round "7"]
[White "Timofeev, Artyom"]
[Black "Looshnikov, Nikolai"]
[Result "1-0"]
[WhiteElo "2583"]
[BlackElo "2424"]
[Annotator "TA"]
[PlyCount "59"]
[EventDate "2018.06.21"]
[EventType "swiss"]
[EventCountry "RUS"]
[SourceTitle "playchess.com"]
[Source "ChessBase"]
[SourceQuality "1"]

{[%evp 20,59,25,27,48,58,46,56,43,60,48,58,58,44,89,79,78,80,110,95,95,86,96,89,83,90,190,158,302,304,450,455,461,361,526,543,679,685,766,726,709,640]} 1. Nf3 Nf6 2. c4 e6 3. g3 d5 4. Bg2 Nbd7 5. b3 Be7 6. O-O O-O 7. Nc3 c6 8. d4 b6 9. Bb2 Ba6 10. Nd2 Rc8 11. e4 {[%cal Be2e4,Be4e5][%mdl 32] LiveBook: 30 Games} b5 {[%cal Rb5c4] E07: Closed Catalan: Main Line (5 Nf3 0-0 6 0-0 Nbd7)} (11... dxe4 12. Re1 c5 13. Ndxe4 cxd4 14. Qxd4 Nc5 15. Qe3 Qc7 16. Nxc5 Bxc5 17. Qf3 Rfd8 18. Ne2 Qe7 19. Rad1 Rxd1 20. Rxd1 {½-½ (48) Kramnik,V (2796)-Karjakin,S (2762) Nizhnij Novgorod 2013 CBM 157 [Friedel,J]}) 12. e5 ({Much worse is} 12. cxd5 cxd5 13. e5 b4 $11) 12... Ne8 {[%cal Rb5c4]} 13. c5 b4 {White is slightly better.} 14. Ne2 f6 $146 ({Predecessor:} 14... f5 15. a3 Bb5 16. axb4 a6 17. Re1 g5 18. Qc2 Nc7 19. Nc4 {1-0 (37) Postny,E (2631)-Osmanodja,F (2247) Bad Wiessee 2013}) 15. f4 {[%cal Bf2f4,Bf4e5][%mdl 32]} fxe5 16. fxe5 Rxf1+ 17. Nxf1 {[%cal Bd2f1,Bf1e3,Be3c2,Bc2b4][%mdl 32]} Nc7 18. Nf4 Rb8 19. Qg4 Nf8 20. h4 Qe8 21. Ne3 Qf7 22. Rd1 $40 {[%mdl 128] White goes for the king.} Rb5 (22... Ng6 $16 {is a better defense.}) 23. Rd2 Ra5 (23... Ng6 $16 {was worth a try.}) 24. Nc2 $18 Bc8 (24... Rb5 $142 25. Rf2 Qe8) 25. Nxb4 Qe8 26. Nh5 {[%csl Gh5][%cal Rg4g7] [#]} Ng6 (26... Qg6 $142 27. Qxg6 Nxg6) 27. a4 {White is clearly winning.} Na6 28. Nd3 Nc7 29. Bc3 Ra6 30. Kh2 {Precision: White = 86%, Black = 37%.} 1-0

[Event "22nd Alekhine Master 2018"]
[Site "Voronezh"]
[Date "2018.06.19"]
[Round "7"]
[White "Volkov, Sergey"]
[Black "Afanasiev, Nikita"]
[Result "1-0"]
[WhiteElo "2580"]
[BlackElo "2460"]
[Annotator "TA"]
[PlyCount "67"]
[EventDate "2018.06.21"]
[EventType "swiss"]
[EventCountry "RUS"]
[SourceTitle "playchess.com"]
[Source "ChessBase"]
[SourceQuality "1"]

{[%evp 14,67,57,40,71,38,59,30,58,60,86,80,86,84,73,78,62,39,70,69,47,27,29,33,51,31,187,144,141,159,176,116,372,375,369,359,366,363,356,334,317,296,333,334,506,381,375,358,704,711,797,723,29989,29977,29976,29977]} 1. d4 Nf6 2. Nf3 g6 3. c4 Bg7 4. Nc3 d6 5. e4 O-O 6. Be2 c6 7. O-O Na6 8. Re1 Nc7 {E91: Königsindisch (Klassisches System)} (8... Bg4 9. Be3 Qc7 10. a3 e5 11. d5 c5 12. Nd2 Bc8 13. b4 b6 14. Rb1 Qe7 15. Na2 Nd7 16. Nc1 {0-1 (50) Mirzoyan,D (2350)-Kovalenko,I (2642) Batumi 2018}) 9. Bf1 Rb8 10. a4 b6 $146 {Weiß hat minimalen Vorteil.} ({Vorgänger:} 10... a6 11. h3 b5 12. axb5 axb5 13. e5 Nfe8 14. cxb5 cxb5 15. Bg5 f6 16. exf6 exf6 {0-1 (40) Kragelj,I (2250)-Vavpetic,V (2220) Slovenia 1994}) 11. d5 Bd7 12. h3 a6 {[%cal Ba7a6,Ba6b5,Bb5b4][%mdl 32]} 13. e5 (13. Be3 {keeps more tension.} cxd5 14. cxd5 b5 15. axb5 axb5 16. b4) 13... dxe5 14. Nxe5 cxd5 15. cxd5 b5 16. axb5 axb5 17. Ra7 {zielt auf Lf4 ab.} b4 18. Nxd7 Nxd7 19. Bf4 Rc8 $2 {[#]} (19... Ne5 $1 $14) 20. Na4 {Droht d6 und aus.} Ne8 21. Bb5 $36 {[%mdl 2048] Weiss bestimmt, wo es lang geht.} Nef6 22. Bc6 (22. d6 $18 e6 23. Bg5) 22... Nb6 $2 {[%mdl 8192]} (22... Nb8 $16) 23. Nxb6 $18 Qxb6 24. Rexe7 Rxc6 25. dxc6 Qxc6 26. Rec7 Qd5 27. Qc1 Ne4 {Schwarz hofft, mit ...Ld4 fortzusetzen.} 28. Be3 Qe5 (28... Be5 $142 29. Rd7 Bd6) 29. Re7 Qd5 30. Rad7 Qf5 $2 {[#]} (30... Qb5 31. Qd1 Nf6) 31. Qc4 Bxb2 32. Qxe4 Qa5 33. Bh6 Qa1+ 34. Kh2 {Precision: Weiß = 50%, Schwarz = 20%.} 1-0

[Event "22nd Alekhine Master 2018"]
[Site "Voronezh"]
[Date "2018.06.19"]
[Round "7"]
[White "Bocharov, Dmitry"]
[Black "Dzhumaev, Marat"]
[Result "*"]
[WhiteElo "2576"]
[BlackElo "2434"]
[Annotator "TA"]
[PlyCount "28"]
[EventDate "2018.06.21"]
[EventType "swiss"]
[EventCountry "RUS"]
[SourceTitle "playchess.com"]
[Source "ChessBase"]
[SourceQuality "1"]

{[%evp 20,28,64,47,64,45,77,68,93,48,83]} 1. d4 d6 2. Nf3 Nf6 3. g3 g6 4. Bg2 Bg7 5. O-O O-O 6. c4 c6 7. Nc3 a6 8. e4 Bg4 9. Be3 {E62: King's Indian: Fianchetto: 6...c6 and Panno Variation (6...Nc6) without ...a6} (9. h3 Bxf3 10. Qxf3 Nbd7 11. Rd1 Qc7 12. Be3 e5 13. Qe2 h5 14. dxe5 dxe5 15. c5 Rfd8 16. Na4 Rab8 17. b4 Nf8 18. Rxd8 Rxd8 {0-1 (38) Basso,P (2460)-Onischuk,V (2623) Bastia 2017}) 9... Nbd7 10. h3 Bxf3 11. Bxf3 {LiveBook: 4 Games} e5 12. d5 c5 13. g4 $146 ({Predecessor:} 13. a3 Ne8 14. Qd3 f5 15. Rab1 f4 16. Bd2 h5 17. Kg2 Nef6 {1-0 (57) Kubos,R (2215)-Pacher,M (2063) Tatranske Zruby 2004}) 13... h6 14. Qd2 Nh7 $1 *

[Event "22nd Alekhine Master 2018"]
[Site "Voronezh"]
[Date "2018.06.19"]
[Round "7"]
[White "Belous, Vladimir"]
[Black "Popov, Ivan"]
[Result "*"]
[WhiteElo "2555"]
[BlackElo "2608"]
[Annotator "TA"]
[PlyCount "30"]
[EventDate "2018.06.21"]
[EventType "swiss"]
[EventCountry "RUS"]
[SourceTitle "playchess.com"]
[Source "ChessBase"]
[SourceQuality "1"]

{[%evp 13,19,42,47,25,25,24,20,27]} 1. d4 {Let's Check Training} d5 2. c4 dxc4 3. e4 Nf6 4. e5 Nd5 5. Bxc4 Nb6 6. Bd3 Nc6 7. Ne2 Bg4 8. Be3 {D20: Angenommenes Damengambit} Qd7 9. Nbc3 O-O-O (9... e6 10. Be4 O-O-O 11. O-O Kb8 12. Qb3 Be7 13. f3 Bf5 14. Rfd1 Bxe4 15. fxe4 Na5 {1-0 (36) Jakovenko,D (2746)-Alekseenko,K (2609) Batumi 2018}) 10. Be4 {Vorgänger:} Bf5 $146 11. O-O Bxe4 12. Nxe4 e6 13. a3 Be7 14. b4 f6 15. exf6 gxf6 {0-1 (29) Volkov,S (2623)-Alekseenko,K (2367) Plovdiv 2012 CBM 148 [Let's Check Training]} *

[Event "22nd Alekhine Master 2018"]
[Site "Voronezh"]
[Date "2018.06.19"]
[Round "7"]
[White "Maiorov, Nikita"]
[Black "Gubajdullin, Alexei"]
[Result "*"]
[WhiteElo "2533"]
[BlackElo "2375"]
[Annotator "TA"]
[PlyCount "27"]
[EventDate "2018.06.21"]
[EventType "swiss"]
[EventCountry "RUS"]
[SourceTitle "playchess.com"]
[Source "ChessBase"]
[SourceQuality "1"]

{[%evp 13,15,76,83,81]} 1. d4 c5 2. d5 e5 3. e4 d6 4. Bb5+ Nd7 5. a4 Be7 6. Nf3 {A44: Semi-Benoni} Ngf6 7. Nc3 O-O {LiveBook: 71 Games} 8. O-O {Predecessor:} Ne8 $146 9. a5 a6 10. Be2 g6 11. Nd2 f5 12. Nc4 f4 13. Bg4 Ng7 14. f3 {0-1 (46) Pfreundt,J (2394)-Heberla,B (2570) Karlsruhe 2018} *

[Event "22nd Alekhine Master 2018"]
[Site "Voronezh"]
[Date "2018.06.19"]
[Round "7"]
[White "Gabrielian, Artur"]
[Black "Chigaev, Maksim"]
[Result "*"]
[WhiteElo "2506"]
[BlackElo "2577"]
[Annotator "TA"]
[PlyCount "26"]
[EventDate "2018.06.21"]
[EventType "swiss"]
[EventCountry "RUS"]
[SourceTitle "playchess.com"]
[Source "ChessBase"]
[SourceQuality "1"]

{[%evp 17,26,20,36,32,23,-12,-18,-3,0,-20,-20]} 1. e4 c5 2. Nf3 e6 3. d4 cxd4 4. Nxd4 Nc6 5. Nc3 Qc7 6. Be3 a6 7. a3 Nf6 8. f4 d6 9. Qf3 Be7 10. O-O-O {B82: Sizilianisch (Scheveninger System)} O-O 11. g4 Nxd4 {Die Stellung ist ausgeglichen.} 12. Rxd4 e5 13. Rd2 {[#] Und weiter mit g5 wäre nett.} Bxg4 $146 ({Vorgänger:} 13... exf4 14. Bxf4 Bxg4 15. Qg3 Be6 16. Bxd6 Bxd6 17. Qxd6 Qxd6 18. Rxd6 {½-½ (53) Kassis,A (2209)-Korneev,O (2581) Istanbul 2012}) *

[Event "22nd Alekhine Master 2018"]
[Site "Voronezh"]
[Date "2018.06.19"]
[Round "7"]
[White "Potapov, Pavel"]
[Black "Savchenko, Boris"]
[Result "*"]
[WhiteElo "2491"]
[BlackElo "2565"]
[Annotator "TA"]
[PlyCount "26"]
[EventDate "2018.06.21"]
[EventType "swiss"]
[EventCountry "RUS"]
[SourceTitle "playchess.com"]
[Source "ChessBase"]
[SourceQuality "1"]

{[%evp 9,26,100,96,108,111,108,114,117,103,80,100,102,168,170,184,195,190,175,212]} 1. e4 c5 2. Nf3 e6 3. g3 h5 $146 {[%cal Bh7h5,Bh5h4][%mdl 32]} ({Predecessor:} 3... Nc6 4. Bg2 Nf6 5. d3 d5 6. Nbd2 Be7 7. O-O O-O 8. Re1 b5 9. e5 Nd7 10. Nf1 Bb7 11. h4 Qc7 12. Bf4 Rfc8 13. Ne3 Qd8 14. Ng4 Bf8 15. Bg5 Qe8 16. c3 h6 17. Bf4 a5 18. Qd2 b4 19. c4 Ne7 20. h5 {1-0 (59) Kuzubov,Y (2699)-Grischuk,A (2772) Riadh 2017}) 4. Bg2 b5 5. d4 h4 6. O-O {B40: Sicilian: 2...e6, Unusual lines} cxd4 7. Nxd4 a6 8. e5 {White is better.} Ra7 9. Nc3 {Threatens to win with Be3.} hxg3 10. hxg3 f5 (10... d5 $16) 11. exf6 $18 {White is clearly better.} Nxf6 12. Qd3 {[#] White wants to mate with Qg6+.} Be7 13. Be3 {Strongly threatening Nxe6!} Rc7 *

[Event "22nd Alekhine Master 2018"]
[Site "Voronezh"]
[Date "2018.06.19"]
[Round "7"]
[White "Pavlov, Sergey"]
[Black "Tiviakov, Sergei"]
[Result "1/2-1/2"]
[WhiteElo "2489"]
[BlackElo "2580"]
[Annotator "TA"]
[PlyCount "62"]
[EventDate "2018.06.21"]
[EventType "swiss"]
[EventCountry "RUS"]
[SourceTitle "playchess.com"]
[Source "ChessBase"]
[SourceQuality "1"]

{[%evp 16,62,34,37,39,41,51,48,48,46,54,50,61,35,33,33,33,34,34,0,0,9,30,14,16,16,20,17,29,11,17,0,15,0,0,0,0,0,0,0,0,0,0,0,0,0,0,0,0]} 1. c4 e5 2. Nc3 Nf6 3. Nf3 Nc6 4. e3 Bb4 5. Qc2 Bxc3 6. Qxc3 Qe7 7. b3 {A28: English Opening: Four Knights Variation} d5 (7... O-O 8. Bb2 Re8 9. a3 a5 10. h3 b6 11. Be2 Bb7 12. O-O d5 13. cxd5 Nxd5 14. Qc2 e4 {1-0 (41) Caruana,F (2822)-Karjakin,S (2782) Stavanger 2018}) 8. d4 exd4 9. Nxd4 {LiveBook: 3 Games. White is slightly better.} Nxd4 10. Qxd4 c5 11. Qf4 O-O 12. Bb2 d4 13. O-O-O dxe3 14. Bxf6 $146 (14. fxe3 {feels hotter.} a5 15. Bxf6 Qxf6 16. Qxf6 gxf6 17. Be2) ({Predecessor:} 14. Re1 Qe4 15. Qxe3 {½-½ (43) Harsha,B (2471)-Mozharov,M (2558) Mumbai 2018}) 14... Qxf6 15. Qxf6 gxf6 16. fxe3 Bg4 17. Rd2 Rae8 18. Be2 Bc8 19. Rf1 Rxe3 20. Rxf6 Rfe8 21. Bf3 Kg7 22. Rf4 b6 {The position is equal.} 23. Bg4 Be6 24. Bxe6 Re1+ 25. Kc2 R8xe6 $11 {[%mdl 4096] Endgame KRR-KRR} 26. Rd7 R6e2+ 27. Kd3 Re3+ 28. Kd2 R1e2+ 29. Kd1 Re1+ 30. Kd2 R3e2+ 31. Kd3 Re3+ {Precision: White = 76%, Black = 74%.} 1/2-1/2

[Event "22nd Alekhine Master 2018"]
[Site "Voronezh"]
[Date "2018.06.19"]
[Round "7"]
[White "Gukesh D"]
[Black "Iljiushenok, Ilia"]
[Result "*"]
[WhiteElo "2431"]
[BlackElo "2530"]
[Annotator "TA"]
[PlyCount "35"]
[EventDate "2018.06.21"]
[EventType "swiss"]
[EventCountry "RUS"]
[SourceTitle "playchess.com"]
[Source "ChessBase"]
[SourceQuality "1"]

{[%evp 20,35,0,0,6,0,0,0,0,-8,0,-25,-25,-25,-18,-6,-10,-57]} 1. Nf3 {Hazai,L} Nf6 2. g3 g6 3. Bg2 Bg7 4. O-O O-O 5. d4 d6 {[%cal Bd7d6,Bd6e5,Be5e4,Be4e3][%mdl 32]} 6. b3 e5 7. dxe5 dxe5 8. Ba3 Qxd1 {A49: 1 d4 Nf6 2 Nf3 g6 3 g3: Anti-King's Indian systems} 9. Rxd1 Re8 10. Nc3 (10. c4 e4 11. Nd4 e3 12. f3 Na6 13. Nc3 c6 14. Rac1 h5 15. h4 Bf8 16. Bxf8 Kxf8 {½-½ (47) Vidit,S (2693)-Le,Q (2739) Tbilisi 2017}) 10... e4 11. Nd4 {LiveBook: 13 Games} e3 12. f4 $146 ({Predecessor:} 12. fxe3 c6 13. Rd3 Ng4 14. Nd1 Nd7 15. c3 Nde5 16. Rd2 {½-½ (51) Jussupow,A (2595)-Polzin,R (2514) Germany 2006 CBM 112 [Hazai,L]}) 12... a5 13. Ndb5 Na6 14. Rac1 Rb8 15. Nd5 Nxd5 16. Bxd5 Bg4 17. Bc4 Rbd8 18. c3 *

[Event "22nd Alekhine Master 2018"]
[Site "Voronezh"]
[Date "2018.06.20"]
[Round "8"]
[White "Maghsoodloo, Parham"]
[Black "Kokarev, Dmitry"]
[Result "0-1"]
[WhiteElo "2638"]
[BlackElo "2603"]
[Annotator "TA"]
[PlyCount "154"]
[EventDate "2018.06.21"]
[EventType "swiss"]
[EventCountry "RUS"]
[SourceTitle "playchess.com"]
[Source "ChessBase"]
[SourceQuality "1"]

{[%evp 21,154,4,8,-12,-16,-22,-15,-20,0,0,5,0,0,0,0,0,2,-71,-73,-69,-72,-72,-71,-66,-70,-70,-46,-56,-51,-49,-48,-54,-47,-47,-47,-47,-47,-47,-3,-3,15,-32,-32,-37,-39,-88,-90,-103,-92,-129,-129,-129,-129,-129,-137,-129,-129,-129,-129,-129,-129,-159,-166,-212,-179,-194,-201,-350,-340,-335,-283,-489,-410,-402,-371,-690,-680,-985,-974,-923,-935,-894,-825,-2203,-2016,-1870,-1866,-1147,-1042,-2283,-2234,-1663,-1449,-2177,-1620,-1502,-1064,-29967,-29968,-29967,-29968,-29968,-29970,-29969,-29971,-29971,-29972,-29972,-29973,-29977,-29969,-29972,-29967,-29975,-29976,-29976,-29976,-29977,-29977,-29980,-29978,-29988,-29976,-29985,-29982,-29987,-29989,-29993,-29994,-29995,-29992,-29992,-29993,-29993,-29990]} 1. d4 Nf6 2. c4 g6 3. Nf3 Bg7 4. g3 c6 5. Bg2 d5 6. Nbd2 O-O 7. O-O a5 8. b3 a4 9. Bb2 Bf5 {D78: Fianchetto Grünfeld: 6 0-0 c6} 10. Nh4 Be6 11. Qc2 Nbd7 {LiveBook: 4 Games. The position is equal.} 12. c5 $146 ({Predecessor:} 12. Rfc1 Nb6 13. c5 Nc8 14. Bc3 axb3 15. Nxb3 Ne4 16. Bxe4 dxe4 17. Qxe4 {1-0 (80) Gelfand,B (2737)-Sunilduth Lyna,N (2568) Douglas 2017}) 12... Ne8 {[%cal Bf6e8,Be8c7,Bc7b5][%mdl 32]} 13. Rad1 axb3 14. axb3 Nc7 15. Ra1 Nb5 16. Rxa8 Qxa8 17. Ra1 Qc8 $36 {[%mdl 2048] Black has the initiative.} 18. e3 Bf6 19. Ndf3 {[#]} (19. Nhf3 $11) 19... g5 $1 $17 {[%cal Rg5h4]} 20. Nf5 Bxf5 $1 21. Qxf5 Nxc5 $1 22. Qc2 Ne4 23. Ne5 Ned6 (23... Qe6 {looks sharper.} 24. f3 Ned6 25. Qf2 h5 26. Bf1 Rd8) 24. Qd1 Bg7 25. Bf1 Qe8 26. Nd3 e6 27. Nc5 Qe7 28. Bd3 f5 29. Qh5 h6 30. Qg6 Re8 31. g4 {[%cal Rg4f5]} (31. Bxb5 {feels hotter.} cxb5 32. Ra7 Qf6 33. Qxf6 Bxf6 34. Nxb7 Nxb7 35. Rxb7 f4 36. gxf4 gxf4 37. Ba3) 31... Qf7 32. Qxf7+ $1 Kxf7 33. Bxb5 Nxb5 34. Nxb7 fxg4 35. Rc1 Rb8 36. Na5 Na7 37. Ba3 Rb5 38. Nxc6 Nxc6 ({Don't play} 38... Rxb3 $6 39. Nd8+ Kf6 40. Bd6 $15) 39. Rxc6 Rxb3 {[%mdl 4096] Endgame KRB-KRB} 40. Rc7+ Kg6 41. Bd6 h5 {[%cal Bh6h5,Bh5h4][%mdl 32]} 42. Rc1 Kf5 43. Kg2 h4 44. Rd1 (44. Rc7 {was necessary.} Rb1 45. h3 (45. Rxg7 $2 {is a self mate.} h3+ 46. Kg3 Rg1#) 45... gxh3+ 46. Kxh3) 44... Bf6 $19 45. Bc7 Be7 46. Be5 $2 (46. h3 {was the only chance.}) 46... Rb2 47. Rc1 Bb4 48. Rc7 $2 (48. Kg1) 48... Bd2 49. h3 {If White can now play hxg4+ this consolidates a bit.} Bxe3 50. Rf7+ Kg6 51. Rg7+ Kh6 52. hxg4 Rxf2+ 53. Kh1 Rf1+ 54. Kg2 Rg1+ 55. Kf3 {[#]} Bf4 $1 56. Re7 (56. Bxf4 Kxg7) 56... Rg3+ 57. Kf2 Rxg4 58. Rxe6+ Kh5 59. Rd6 Bxe5 {Black mates.} 60. dxe5 {KR-KR} Rf4+ 61. Kg1 d4 62. e6 Re4 63. e7 Rxe7 64. Rxd4 Re2 65. Rd3 Re4 66. Kh2 Kg4 67. Ra3 Re2+ 68. Kg1 h3 69. Kh1 Kh4 70. Kg1 g4 {[%cal Bg5g4,Bg4g3][%mdl 32]} 71. Ra1 Rd2 72. Rb1 Rd4 73. Ra1 g3 74. Kh1 Kg4 75. Rb1 Rd3 76. Rb4+ Kf3 {[%cal Rd3d1]} 77. Rb1 Ke2 {Precision: White = 43%, Black = 80%.} 0-1

[Event "22nd Alekhine Master 2018"]
[Site "Voronezh"]
[Date "2018.06.20"]
[Round "8"]
[White "Ponkratov, Pavel"]
[Black "Bocharov, Dmitry"]
[Result "1/2-1/2"]
[WhiteElo "2622"]
[BlackElo "2576"]
[Annotator "TA"]
[PlyCount "86"]
[EventDate "2018.06.21"]
[EventType "swiss"]
[EventCountry "RUS"]
[SourceTitle "playchess.com"]
[Source "ChessBase"]
[SourceQuality "1"]

{[%evp 18,86,77,74,78,78,75,67,84,66,64,64,65,70,65,0,47,19,20,20,12,0,0,-15,0,0,0,0,0,0,0,0,8,8,14,0,0,0,0,0,0,-4,0,0,358,0,0,-8,0,0,127,0,168,58,81,52,205,186,187,187,251,229,295,220,220,207,217,215,204,197,209]} 1. e4 c6 2. d4 d5 3. e5 Bf5 4. Nf3 e6 5. Be2 Ne7 6. O-O h6 7. b3 Nd7 8. c4 Bh7 {B12: Caro-Kann: Advance Variation} (8... Ng6 9. Na3 Bb4 10. Nc2 Bc3 11. Rb1 O-O 12. Bd3 Be4 13. Bxe4 dxe4 14. Nd2 Bxd2 15. Qxd2 c5 16. Ba3 Qh4 {½-½ (55) Shirov,A (2702)-Kovalenko,I (2702) Riga 2015}) 9. Nc3 Ng6 10. Bd3 {LiveBook: 3 Games} Bb4 {White is better.} 11. Ne2 O-O 12. Qc2 Re8 13. Nf4 $146 {[%cal Rf4g6]} ({Predecessor:} 13. c5 Ba5 14. Rb1 Ngf8 15. Bxh7+ Nxh7 16. b4 {1-0 (63) Nijboer,F (2567)-Lalith,B (2493) Hilversum 2010}) 13... Ndf8 14. Nh5 Nh4 15. Bxh7+ Nxh7 16. Qd3 ({Better is} 16. Nxh4 $14 Qxh4 17. Nf4) 16... Bf8 (16... dxc4 {is more complex.} 17. bxc4 Nxf3+ 18. Qxf3 Qxd4 19. Rb1 Bf8) 17. Nxh4 (17. cxd5 {looks sharper.} cxd5 18. Nxh4 Qxh4 19. Ng3 Bb4 20. a3) 17... Qxh4 18. Nf4 dxc4 19. bxc4 c5 $1 20. g3 Qd8 21. d5 exd5 22. Nxd5 Rxe5 23. Bb2 Re6 24. f4 Re8 25. Rad1 $36 {[%cal Ba1d1,Bd1d2,Bd2g2][%mdl 2080] White is more active.} Qc8 26. f5 f6 27. h4 Qc6 28. Rd2 Rad8 29. Rfd1 Rc8 30. g4 Qa4 $2 {[%mdl 8192] [#]} (30... Bd6 $11) 31. Nc3 $2 (31. g5 $1 $18 {[%cal Rg5f6][%mdl 512]} hxg5 (31... fxg5 32. f6) 32. hxg5) 31... Qc6 $11 32. Nd5 Be7 33. Rg2 Bd8 (33... Bd6 $11) 34. Rf1 ({White has to play} 34. Re2 $16) 34... Rf8 $2 (34... Bc7 $11 {and Black stays safe.}) 35. Qb3 (35. Re2 $18) 35... b6 36. Re1 {[%mdl 1024] White has strong compensation.} Rb8 $2 (36... Re8 $14 37. Rge2 Rxe2 38. Rxe2 Qd7) 37. Re6 Qd7 38. a4 a6 (38... Qf7 {might work better.} 39. a5 Rb7) 39. Bc1 $18 Rb7 40. Bf4 b5 {White is clearly better.} 41. cxb5 c4 42. Qxc4 axb5 43. Qa2 Kh8 {Precision: White = 69%, Black = 49%.} 1/2-1/2

[Event "22nd Alekhine Master 2018"]
[Site "Voronezh"]
[Date "2018.06.20"]
[Round "8"]
[White "Popov, Ivan"]
[Black "Maiorov, Nikita"]
[Result "1-0"]
[WhiteElo "2608"]
[BlackElo "2533"]
[Annotator "TA"]
[PlyCount "53"]
[EventDate "2018.06.21"]
[EventType "swiss"]
[EventCountry "RUS"]
[SourceTitle "playchess.com"]
[Source "ChessBase"]
[SourceQuality "1"]

{[%evp 24,53,14,15,18,16,19,17,27,27,68,69,60,69,85,50,160,156,163,156,161,146,158,160,345,326,995,920,29990,29986,29990,29991]} 1. e4 e5 2. Nf3 Nc6 3. Bb5 {[%cal Bf1b5,Bb5a4,Ba4b3][%mdl 32]} a6 4. Ba4 Nf6 5. O-O Be7 6. d3 b5 7. Bb3 O-O 8. a4 b4 9. Nbd2 d6 10. a5 Be6 {C84: Closed Ruy Lopez: Unusual White 6th moves} (10... Rb8 11. Re1 Be6 12. Bxe6 fxe6 13. Nb3 Qc8 14. Qe2 Nd8 15. d4 exd4 16. Nbxd4 c5 17. Nb3 e5 18. Nbd2 Ne6 19. Nc4 Nd4 20. Nxd4 cxd4 {½-½ (43) Caruana,F (2807)-Carlsen,M (2822) Saint Louis 2017}) 11. Nc4 h6 12. Be3 Qc8 13. h3 {[#] LiveBook: 3 Games} Re8 $146 ({Predecessor:} 13... Rd8 14. Nfd2 d5 15. Ba4 Qb7 16. Bxc6 Qxc6 17. Nxe5 {½-½ (62) Mista,A (2593)-Salgado Lopez,I (2627) Saint-Quentin 2014}) 14. Nfd2 Qb7 15. Ba4 Red8 16. c3 Bd7 17. f4 exf4 18. Bxf4 d5 19. e5 dxc4 (19... Nh7 $14 20. Ne3 Be6) 20. exf6 $16 Bxf6 {[#]} 21. Ne4 $1 {[%cal Re4f6,Bd2e4,Be4g3,Bg3f5][%mdl 32]} Be7 {[#]} 22. Qf3 $1 {Hoping for Bxh6!} f5 23. Ng3 cxd3 $2 {[#]} (23... Nxa5 $16 24. Bxd7 Rxd7) 24. Nxf5 $1 $18 {[%mdl 512]} Bf6 $2 {[#]} (24... Bxf5 25. Bxc6 Bc5+ 26. Kh1 Qc8) 25. Nxh6+ $1 {[%mdl 512]} gxh6 26. Bxh6 Rf8 27. Qg3+ {Precision: White = 100%, Black = 28%.} 1-0

[Event "22nd Alekhine Master 2018"]
[Site "Voronezh"]
[Date "2018.06.20"]
[Round "8"]
[White "Kryakvin, Dmitry"]
[Black "Belous, Vladimir"]
[Result "1/2-1/2"]
[WhiteElo "2592"]
[BlackElo "2555"]
[Annotator "TA"]
[PlyCount "57"]
[EventDate "2018.06.21"]
[EventType "swiss"]
[EventCountry "RUS"]
[SourceTitle "playchess.com"]
[Source "ChessBase"]
[SourceQuality "1"]

{[%evp 14,57,39,18,20,31,33,32,19,-23,-13,-20,-35,-70,-59,-46,-29,-77,-64,-16,-16,-10,-30,-22,-16,-24,-49,-45,-39,-32,-31,-53,0,-35,0,-169,0,0,0,0,0,0,0,0,0,0]} 1. d4 Nf6 2. Bg5 Ne4 3. Bf4 c5 4. f3 Qa5+ 5. c3 Nf6 6. d5 Qb6 7. b3 e6 8. e4 exd5 {A45: Damenbauernspiele (Trompowski-Angriff)} 9. exd5 Bd6 10. Bg5 Be7 {Weiß steht etwas besser.} (10... Be5 11. f4 Bc7 12. Nf3 O-O 13. Be2 c4 14. bxc4 Ng4 15. Nd4 Ne3 16. Qd2 {0-1 (27) Kryakvin,D (2583)-Sarana,A (2541) Sochi 2017}) 11. c4 Qd6 12. Qe2 O-O 13. Qe3 $146 ({Vorgänger:} 13. Nc3 Re8 14. O-O-O Nxd5 15. Bxe7 Qh6+ 16. Qd2 Nxc3 {0-1 (50) Aymard,M (1881)-Heinke,R (2335) ICCF email 2007}) 13... Re8 14. Ne2 Bd8 15. Qc1 Qe5 16. Nbc3 {[%cal Bb1c3,Bc3d5,Bd5c7][%mdl 32]} Nxd5 17. Nxd5 Bxg5 18. f4 Bh4+ 19. g3 Qe4 {Weiss muss nun ...Ld8 beachten.} 20. gxh4 Qxh1 21. Nc7 {[#]} Rxe2+ $1 22. Kxe2 Qxh2+ 23. Kd1 $1 {[%cal Be2d1,Bd1e1,Be1d2][%mdl 32] Droht stark De3.} Qf2 {...Sa6 ist eine echte Drohung.} ({Und nicht} 23... Qxh4 24. Qe3 $16 (24. Nxa8 Qf2 $16)) 24. Be2 $2 (24. Bd3 $1 $11 {und Weiss muss sich keine Sorgen machen.}) 24... Qd4+ $2 (24... Nc6 $19 {Und weiter mit ...Tb8 wäre nett.} 25. Nxa8 d6) 25. Ke1 $11 {Die Stellung ist ausgeglichen.} Qg1+ 26. Kd2 Qd4+ $1 27. Ke1 Qg1+ 28. Kd2 Qd4+ $1 29. Ke1 {Precision: Weiß = 59%, Schwarz = 82%.} 1/2-1/2